000 00697nam a2200241 a 4500
001 53506
003 BD-RjUL
005 20211209075955.0
008 790621r2003 ii 000 0 eng
020 _a818883601X
035 _a(BD-RjUL)53627
040 _aDLC
_cOCl
_dBD-RjUL
_beng
041 _aeng
082 _223
_a797.2
_bHOS 2003
100 1 _aHowcroft, W. J.
_9159941
245 0 0 _aSwimming and water polo /
_cby W. J. Howcroft.
260 _aNew Delhi :
_bSonali Publication ,
_cc2003
300 _avii, 254 p. :
_bill, ;
_c19 cm.
500 _a"Amateur records to 31st December, 1935": p. 243-250.
650 0 _aSwimming.
_9159942
650 0 _aWater polo.
_9159943
942 _2ddc
_cBK
999 _c53506
_d53506